Rakúska politika voči Slovinsku a Chorvátsku

Vzťahy Juhoslávie s Rakúskom od druhej svetovej vojny po vznik Slovinska a Chorvátska. Nemecky hovoriaca menšina v Slovinsku a v Chorvátsku a problém AVNOJu (Antifašistická rada národného oslobodenia).

Enregistré dans:
Détails bibliographiques
Auteur principal: Profant, Tomáš Imrich, 1983-
Format: Chapitre de livre
Langue:slovaque
Sujets:
Tags: Ajouter un tag
Pas de tags, Soyez le premier à ajouter un tag!

MARC

LEADER 00000naa$a2200000$$$4500
001 0290941
005 20240417075225.4
041 0 |a slo 
044 |a CZ 
245 1 0 |a Rakúska politika voči Slovinsku a Chorvátsku  |c Tomáš Imrich Profant 
520 |a Vzťahy Juhoslávie s Rakúskom od druhej svetovej vojny po vznik Slovinska a Chorvátska. Nemecky hovoriaca menšina v Slovinsku a v Chorvátsku a problém AVNOJu (Antifašistická rada národného oslobodenia). 
610 2 0 |a vzťahy medzinárodné 
610 2 0 |a politika medzinárodná 
610 2 0 |a obchod zahraničný 
610 2 0 |a spolupráca medzinárodná 
610 2 0 |a história 
100 1 |a Profant, Tomáš Imrich, 1983-